00436nam a22001577a 450000500170000001000140001702000250003103700140005624500500007026000280012027000570014830000210020570000160022694200170024299900190025920171005101459.0 a1718EN-30 a9781756447370c95.00 bLGPDadpl aSynonyms & antonyms /ccompiled by J.C. Joshi c2016aDelhibSahni Pub. a4777, Dr. Mitra Gali, Roshnara Road, bDelhie110007 c21cm(pbk)a256p. aJoshi, J.C. cEN2ddcmSYN c146089d146089